00876nam a2200205 4500001000700000003000900007005001700016007000300033008004100036100003900077245018100116260005300297300002600350500003000376700005100406700004000457852003200497999001900529952012200548138122ES-MaACL20230906195516.0t|070214s1967 sp r ||||1| spa d1 aSánchez Piñol, Daniel.910285510aManual del impuesto sobre la renta de las personas físicas / cpor Daniel Sánchez Piñol y Francisco García López de Arenosa ; prólogo... Bernardo Revuelta García. aMadrid : b[s. n.], c1967 (fNuevas Gráficas) aXI, 388 p. ; c21 cm. aEn blanco las p. 250-251.1 aGarcía López de Arenosa, Francisco.9548521 aRevuelta García, Bernardo.996462 aES-MaACLjC-32832 bR.63469 c138122d138122 00104070aATENEOMbATENEOMcDEPO2d2008-01-17eSCl0oC-32832p1143727r2023-02-23 00:00:00w2023-02-23yMONOGRAFIA